| 000 | 01142naa a22002897a 4500 | ||
|---|---|---|---|
| 001 | BR9404350 | ||
| 003 | BR-BrBNA | ||
| 005 | 20240918181231.0 | ||
| 007 | ta | ||
| 008 | 230509b bl.||||| |||| 00| 0 por d | ||
| 040 |
_aBR-BrBNA _bpor _cBiblioteca Nacional de Agricultura |
||
| 041 | _a(Es) | ||
| 072 | _aE16; P36 | ||
| 090 | _aE16 BR9404350 | ||
| 100 | 1 | _aFenteno, L.I.R. | |
| 111 | 1 |
_a1. Encontro Latino Americano sobre Plantio Direto na Pequena Propriedade _cPonta Grossa, PR (Brazil) _d22-26 Nov 1993 |
|
| 245 | 1 | _aExperiencias sobre el sistema de siembra cero labranza en el Estado de Chiapas | |
| 260 | 3 |
_aLondrina, PR (Brasil): _c1993. |
|
| 500 | _a1. Encontro Latino Americano sobre Plantio Direto na Pequena Propriedade. Anais Londrina, PR (Brasil): 1993. p. 63-71 (BR9404350-AM)E16 | ||
| 650 | _aSistema de Producao | ||
| 650 | _aPlantio Direto | ||
| 650 | _aConservacao do Solo | ||
| 650 | _aMexico | ||
| 773 | 0 |
_t1. Encontro Latino Americano sobre Plantio Direto na Pequena Propriedade. Anais _wE16 BR9404350 _gLondrina, PR (Brasil), 1993. p. 63-71 |
|
| 909 |
_a202404 _bLucia _c55 _dLucia Elande |
||
| 942 |
_cAM _2AGRIS |
||
| 999 |
_c324257 _d324257 |
||